[Event "Meesterklasse; Amevo Apeldoorn - LSG"]
[Site "Bunschoten-Spakenburg, Netherlands"]
[Date "2023.04.22"]
[Round "1.9"]
[White "Smeets, Jan"]
[Black "Kuipers, Stefan"]
[Result "1/2-1/2"]
[WhiteElo "2555"]
[BlackElo "2450"]

1. e4 {[%clk 01:30:58]} {[%emt 00:00:01]} c6 {[%clk 01:30:55]} {[%emt
00:00:05]} 2. d4 {[%clk 01:31:15]} {[%emt 00:00:13]} d5 {[%clk 01:31:20]}
{[%emt 00:00:06]} 3. exd5 {[%clk 01:31:41]} {[%emt 00:00:04]} cxd5 {[%clk
01:31:44]} {[%emt 00:00:05]} 4. Bd3 {[%clk 01:32:07]} {[%emt 00:00:03]} Nf6
{[%clk 01:31:28]} {[%emt 00:00:46]} 5. h3 {[%clk 01:31:38]} {[%emt 00:00:59]}
Qc7 {[%clk 01:30:30]} {[%emt 00:01:28]} 6. Nf3 {[%clk 01:30:48]} {[%emt
00:01:21]} g6 {[%clk 01:28:37]} {[%emt 00:02:23]} 7. c3 {[%clk 01:06:18]}
{[%emt 00:25:00]} Bf5 {[%clk 01:23:49]} {[%emt 00:05:18]} 8. Ne5 {[%clk
01:01:37]} {[%emt 00:05:12]} Bxd3 {[%clk 01:19:26]} {[%emt 00:04:53]} 9. Nxd3
{[%clk 01:01:53]} {[%emt 00:00:14]} Bg7 {[%clk 01:17:38]} {[%emt 00:02:18]} 10.
Bf4 {[%clk 01:00:38]} {[%emt 00:01:45]} Qc8 {[%clk 01:16:08]} {[%emt 00:01:59]}
11. O-O {[%clk 00:56:55]} {[%emt 00:04:13]} O-O {[%clk 01:15:25]} {[%emt
00:01:13]} 12. Na3 {[%clk 00:50:07]} {[%emt 00:07:19]} Nc6 {[%clk 01:12:51]}
{[%emt 00:03:03]} 13. Nc2 {[%clk 00:48:50]} {[%emt 00:01:48]} Na5 {[%clk
01:03:48]} {[%emt 00:09:32]} 14. Re1 {[%clk 00:41:30]} {[%emt 00:07:50]} e6
{[%clk 00:59:03]} {[%emt 00:05:15]} 15. Ne3 {[%clk 00:34:19]} {[%emt 00:07:41]}
Nc4 {[%clk 00:56:03]} {[%emt 00:03:29]} 16. Ng4 {[%clk 00:34:45]} {[%emt
00:00:05]} Nd7 {[%clk 00:44:49]} {[%emt 00:11:43]} 17. Nh6+ {[%clk 00:21:52]}
{[%emt 00:13:23]} Kh8 {[%clk 00:44:16]} {[%emt 00:01:03]} 18. b3 {[%clk
00:21:50]} {[%emt 00:00:33]} Na3 {[%clk 00:29:07]} {[%emt 00:15:38]} 19. Qd2
{[%clk 00:13:12]} {[%emt 00:09:09]} Qc6 {[%clk 00:29:18]} {[%emt 00:00:18]} 20.
Rac1 {[%clk 00:12:07]} {[%emt 00:01:35]} f6 {[%clk 00:17:48]} {[%emt 00:12:00]}
21. h4 {[%clk 00:08:02]} {[%emt 00:04:36]} Rae8 {[%clk 00:16:22]} {[%emt
00:01:56]} 22. Ng4 {[%clk 00:05:20]} {[%emt 00:03:12]} h5 {[%clk 00:07:03]}
{[%emt 00:09:48]} 23. Ne3 {[%clk 00:05:19]} {[%emt 00:00:31]} Qb6 {[%clk
00:06:27]} {[%emt 00:01:06]} 24. Bg3 {[%clk 00:02:44]} {[%emt 00:03:05]} Bh6
{[%clk 00:03:22]} {[%emt 00:03:35]} 25. Nf4 {[%clk 00:01:31]} {[%emt 00:01:43]}
Bxf4 {[%clk 00:03:23]} {[%emt 00:00:29]} 26. Bxf4 {[%clk 00:02:00]} {[%emt
00:00:01]} Nb5 {[%clk 00:03:44]} {[%emt 00:00:09]} 27. Qd3 {[%clk 00:01:18]}
{[%emt 00:01:12]} Kg7 {[%clk 00:03:44]} {[%emt 00:00:29]} 28. a4 {[%clk
00:01:13]} {[%emt 00:00:35]} Nd6 {[%clk 00:02:38]} {[%emt 00:01:36]} 29. c4
{[%clk 00:00:54]} {[%emt 00:00:49]} Qa6 {[%clk 00:01:53]} {[%emt 00:01:14]} 30.
Red1 {[%clk 00:00:38]} {[%emt 00:00:46]} dxc4 {[%clk 00:02:01]} {[%emt
00:00:22]} 31. bxc4 {[%clk 00:01:06]} {[%emt 00:00:02]} Nf7 {[%clk 00:01:58]}
{[%emt 00:00:33]} 32. Qb3 {[%clk 00:01:13]} {[%emt 00:00:24]} Rc8 {[%clk
00:02:00]} {[%emt 00:00:27]} 33. Qb5 {[%clk 00:00:41]} {[%emt 00:01:02]} Qc6
{[%clk 00:01:46]} {[%emt 00:00:43]} 34. d5 {[%clk 00:00:46]} {[%emt 00:00:25]}
Qxb5 {[%clk 00:01:49]} {[%emt 00:00:27]} 35. axb5 {[%clk 00:00:42]} {[%emt
00:00:35]} e5 {[%clk 00:01:59]} {[%emt 00:00:20]} 36. Bh2 {[%clk 00:00:35]}
{[%emt 00:00:37]} Nd6 {[%clk 00:02:07]} {[%emt 00:00:21]} 37. Ra1 {[%clk
00:00:50]} {[%emt 00:00:16]} Nxc4 {[%clk 00:01:28]} {[%emt 00:01:09]} 38. Rxa7
{[%clk 00:01:02]} {[%emt 00:00:18]} Nd6 {[%clk 00:01:34]} {[%emt 00:00:23]} 39.
f4 {[%clk 00:01:09]} {[%emt 00:00:24]} Rc3 {[%clk 00:01:08]} {[%emt 00:00:55]}
40. Nf1 {[%clk 00:00:40]} {[%emt 00:00:59]} Rc5 {[%clk 00:00:54]} {[%emt
00:00:44]} 41. b6 {[%clk 00:28:35]} {[%emt 00:02:35]} Rfc8 {[%clk 00:25:54]}
{[%emt 00:05:30]} 42. fxe5 {[%clk 00:27:02]} {[%emt 00:02:04]} Nxe5 {[%clk
00:25:24]} {[%emt 00:00:59]} 43. Raa1 {[%clk 00:15:37]} {[%emt 00:11:56]} Rb5
{[%clk 00:11:02]} {[%emt 00:14:51]} 44. Rab1 {[%clk 00:15:31]} {[%emt
00:00:36]} Rxb1 {[%clk 00:10:13]} {[%emt 00:01:19]} 45. Rxb1 {[%clk 00:16:00]}
{[%emt 00:00:02]} Rc3 {[%clk 00:10:01]} {[%emt 00:00:42]} 46. Bf4 {[%clk
00:12:11]} {[%emt 00:04:19]} Ndc4 {[%clk 00:09:38]} {[%emt 00:00:53]} 47. Nd2
{[%clk 00:10:44]} {[%emt 00:01:58]} Nxd2 {[%clk 00:05:43]} {[%emt 00:04:26]} 48.
Bxd2 {[%clk 00:11:12]} {[%emt 00:00:02]} Rd3 {[%clk 00:05:58]} {[%emt
00:00:14]} 49. Bf4 {[%clk 00:10:22]} {[%emt 00:01:20]} Rxd5 {[%clk 00:01:27]}
{[%emt 00:05:01]} 1/2-1/2

[Event "Meesterklasse; Amevo Apeldoorn - LSG"]
[Site "Bunschoten-Spakenburg, Netherlands"]
[Date "2023.04.22"]
[Round "1.10"]
[White "Zwirs, Nico"]
[Black "Willemze, Thomas"]
[Result "1/2-1/2"]
[WhiteClock "00:00:49"]
[BlackClock "00:04:14"]
[WhiteElo "2443"]
[BlackElo "2363"]

1. e4 {[%clk 01:30:58]} {[%emt 00:00:02]} c6 {[%clk 01:30:52]} {[%emt
00:00:09]} 2. d4 {[%clk 01:31:22]} {[%emt 00:00:06]} d5 {[%clk 01:31:18]}
{[%emt 00:00:04]} 3. exd5 {[%clk 01:31:42]} {[%emt 00:00:09]} cxd5 {[%clk
01:31:42]} {[%emt 00:00:06]} 4. Nf3 {[%clk 01:32:05]} {[%emt 00:00:07]} Nc6
{[%clk 01:32:02]} {[%emt 00:00:09]} 5. c3 {[%clk 01:32:29]} {[%emt 00:00:06]}
Nf6 {[%clk 01:31:39]} {[%emt 00:00:53]} 6. Bd3 {[%clk 01:30:34]} {[%emt
00:02:25]} Bg4 {[%clk 01:29:51]} {[%emt 00:02:18]} 7. h3 {[%clk 01:30:06]}
{[%emt 00:00:58]} Bh5 {[%clk 01:29:10]} {[%emt 00:01:12]} 8. Bf4 {[%clk
01:30:16]} {[%emt 00:00:19]} e6 {[%clk 01:28:33]} {[%emt 00:01:07]} 9. O-O
{[%clk 01:30:09]} {[%emt 00:00:37]} Bd6 {[%clk 01:28:37]} {[%emt 00:00:26]} 10.
Bxd6 {[%clk 01:30:34]} {[%emt 00:00:05]} Qxd6 {[%clk 01:29:03]} {[%emt
00:00:05]} 11. Nbd2 {[%clk 01:30:51]} {[%emt 00:00:12]} O-O {[%clk 01:15:58]}
{[%emt 00:13:35]} 12. Re1 {[%clk 01:31:08]} {[%emt 00:00:12]} Rfe8 {[%clk
01:13:06]} {[%emt 00:03:23]} 13. Qb3 {[%clk 01:13:39]} {[%emt 00:17:59]} Nd7
{[%clk 01:07:12]} {[%emt 00:06:24]} 14. Re3 {[%clk 01:10:33]} {[%emt 00:03:35]}
Rab8 {[%clk 01:00:42]} {[%emt 00:07:02]} 15. a4 {[%clk 01:02:17]} {[%emt
00:08:46]} a6 {[%clk 00:55:49]} {[%emt 00:05:23]} 16. Rae1 {[%clk 00:34:15]}
{[%emt 00:28:31]} Nf8 {[%clk 00:50:18]} {[%emt 00:06:01]} 17. Qa2 {[%clk
00:27:41]} {[%emt 00:07:04]} Qc7 {[%clk 00:41:14]} {[%emt 00:09:34]} 18. Ra1
{[%clk 00:20:16]} {[%emt 00:07:55]} Rbd8 {[%clk 00:39:58]} {[%emt 00:01:45]} 19.
Rae1 {[%clk 00:17:13]} {[%emt 00:03:34]} f6 {[%clk 00:30:51]} {[%emt 00:09:37]}
20. b4 {[%clk 00:17:26]} {[%emt 00:00:16]} Bf7 {[%clk 00:30:41]} {[%emt
00:00:41]} 21. Qb1 {[%clk 00:16:04]} {[%emt 00:01:52]} Ne7 {[%clk 00:28:28]}
{[%emt 00:02:43]} 22. Nb3 {[%clk 00:12:10]} {[%emt 00:04:24]} Neg6 {[%clk
00:24:35]} {[%emt 00:04:24]} 23. Nc5 {[%clk 00:12:01]} {[%emt 00:00:38]} Nf4
{[%clk 00:24:32]} {[%emt 00:00:33]} 24. Bf1 {[%clk 00:11:39]} {[%emt 00:00:52]}
g5 {[%clk 00:17:07]} {[%emt 00:07:55]} 25. g3 {[%clk 00:11:18]} {[%emt
00:00:50]} Nh5 {[%clk 00:17:06]} {[%emt 00:00:31]} 26. b5 {[%clk 00:06:19]}
{[%emt 00:05:30]} axb5 {[%clk 00:14:43]} {[%emt 00:02:53]} 27. Qxb5 {[%clk
00:06:33]} {[%emt 00:00:15]} Re7 {[%clk 00:14:38]} {[%emt 00:00:36]} 28. a5
{[%clk 00:05:46]} {[%emt 00:01:18]} Ra8 {[%clk 00:13:24]} {[%emt 00:01:43]} 29.
Ra1 {[%clk 00:05:06]} {[%emt 00:01:09]} Be8 {[%clk 00:13:42]} {[%emt 00:00:13]}
30. Qb4 {[%clk 00:05:08]} {[%emt 00:00:27]} Ng7 {[%clk 00:13:19]} {[%emt
00:00:54]} 31. Ree1 {[%clk 00:04:40]} {[%emt 00:00:59]} Nf5 {[%clk 00:10:52]}
{[%emt 00:02:58]} 32. Qb6 {[%clk 00:03:57]} {[%emt 00:01:12]} Qxb6 {[%clk
00:10:13]} {[%emt 00:01:09]} 33. axb6 {[%clk 00:04:26]} {[%emt 00:00:01]} Rxa1
{[%clk 00:09:30]} {[%emt 00:01:13]} 34. Rxa1 {[%clk 00:04:56]} Nd7 {[%clk
00:07:35]} {[%emt 00:02:25]} 35. Nxb7 {[%clk 00:03:52]} {[%emt 00:01:33]} Nxb6
{[%clk 00:07:55]} {[%emt 00:00:10]} 36. Nc5 {[%clk 00:04:16]} {[%emt 00:00:06]}
Nd7 {[%clk 00:05:51]} {[%emt 00:02:35]} 37. Ra8 {[%clk 00:00:46]} {[%emt
00:03:59]} Nd6 {[%clk 00:05:14]} {[%emt 00:01:07]} 38. Nd3 {[%clk 00:00:33]}
{[%emt 00:00:43]} Ne4 {[%clk 00:05:29]} {[%emt 00:00:14]} 39. Nb4 {[%clk
00:00:40]} {[%emt 00:00:23]} Nf8 {[%clk 00:04:10]} {[%emt 00:01:49]} 40. c4
{[%clk 00:00:50]} {[%emt 00:00:20]} dxc4 {[%clk 00:01:15]} {[%emt 00:03:25]} 41.
Bxc4 {[%clk 00:00:54]} {[%emt 00:00:26]} Nd6 {[%clk 00:28:49]} {[%emt
00:02:56]} 42. Ba2 {[%clk 00:21:05]} {[%emt 00:10:18]} Rb7 {[%clk 00:22:05]}
{[%emt 00:07:15]} 43. Nd3 {[%clk 00:13:59]} {[%emt 00:07:36]} Bc6 {[%clk
00:20:04]} {[%emt 00:02:31]} 44. Nfe1 {[%clk 00:10:28]} {[%emt 00:04:01]} Bd5
{[%clk 00:13:43]} {[%emt 00:06:51]} 45. Nc5 {[%clk 00:06:51]} {[%emt 00:04:07]}
Re7 {[%clk 00:14:03]} {[%emt 00:00:10]} 46. Bxd5 {[%clk 00:07:03]} {[%emt
00:00:19]} exd5 {[%clk 00:14:28]} {[%emt 00:00:04]} 47. Nc2 {[%clk 00:06:13]}
{[%emt 00:01:20]} Ne4 {[%clk 00:08:26]} {[%emt 00:06:33]} 48. Rc8 {[%clk
00:03:46]} {[%emt 00:02:55]} Kf7 {[%clk 00:06:39]} {[%emt 00:02:18]} 49. Nb4
{[%clk 00:03:03]} {[%emt 00:01:13]} Nc3 {[%clk 00:04:57]} {[%emt 00:02:13]} 50.
Kf1 {[%clk 00:03:04]} {[%emt 00:00:29]} h5 {[%clk 00:04:09]} {[%emt 00:01:19]}
51. Ncd3 {[%clk 00:02:39]} {[%emt 00:00:54]} Nb5 {[%clk 00:04:33]} {[%emt
00:00:06]} 52. Nxd5 {[%clk 00:02:55]} {[%emt 00:00:13]} Rd7 {[%clk 00:04:39]}
{[%emt 00:00:24]} 53. Nxf6 {[%clk 00:01:06]} {[%emt 00:02:19]} Rxd4 {[%clk
00:05:08]} {[%emt 00:00:01]} 54. Ne1 {[%clk 00:01:17]} {[%emt 00:00:19]} Nd6
{[%clk 00:05:17]} {[%emt 00:00:21]} 55. Ra8 {[%clk 00:01:21]} {[%emt 00:00:26]}
h4 {[%clk 00:04:47]} {[%emt 00:01:00]} 56. Nf3 {[%clk 00:01:01]} {[%emt
00:00:49]} Rb4 {[%clk 00:03:58]} {[%emt 00:01:19]} 57. Ng4 {[%clk 00:00:47]}
{[%emt 00:00:45]} hxg3 {[%clk 00:02:55]} {[%emt 00:01:34]} 58. Nfe5+ {[%clk
00:00:44]} {[%emt 00:00:33]} Kg7 {[%clk 00:03:18]} {[%emt 00:00:07]} 59. Ra7+
{[%clk 00:00:58]} {[%emt 00:00:16]} Rb7 {[%clk 00:03:41]} {[%emt 00:00:07]} 60.
Rxb7+ {[%clk 00:01:26]} {[%emt 00:00:02]} Nxb7 {[%clk 00:04:07]} {[%emt
00:00:04]} 61. fxg3 {[%clk 00:01:54]} {[%emt 00:00:02]} Nd6 {[%clk 00:04:16]}
{[%emt 00:00:21]} 62. Kg2 {[%clk 00:02:21]} {[%emt 00:00:03]} Ne6 {[%clk
00:04:29]} {[%emt 00:00:17]} 63. Kf2 {[%clk 00:02:15]} {[%emt 00:00:36]} Nf5
{[%clk 00:03:44]} {[%emt 00:01:15]} 64. Ne3 {[%clk 00:02:37]} {[%emt 00:00:08]}
Nd6 {[%clk 00:02:46]} {[%emt 00:01:28]} 65. Kf3 {[%clk 00:02:57]} {[%emt
00:00:09]} Nf8 {[%clk 00:01:16]} {[%emt 00:02:00]} 66. Kg4 {[%clk 00:03:14]}
{[%emt 00:00:12]} Ne4 {[%clk 00:01:33]} {[%emt 00:00:14]} 67. Kf3 {[%clk
00:01:14]} {[%emt 00:02:31]} Nd6 {[%clk 00:01:56]} {[%emt 00:00:07]} 68. Nd5
{[%clk 00:01:24]} {[%emt 00:00:19]} Ne6 {[%clk 00:02:03]} {[%emt 00:00:24]} 69.
Kg4 {[%clk 00:01:37]} {[%emt 00:00:16]} Ne4 {[%clk 00:01:54]} {[%emt 00:00:40]}
70. Kf3 {[%clk 00:00:46]} {[%emt 00:01:21]} Nd6 {[%clk 00:02:11]} {[%emt
00:00:13]} 71. Nc3 {[%clk 00:01:08]} {[%emt 00:00:07]} Nf5 {[%clk 00:02:12]}
{[%emt 00:00:30]} 72. Kg4 {[%clk 00:01:08]} {[%emt 00:00:28]} Nh6+ {[%clk
00:02:33]} {[%emt 00:00:12]} 73. Kh5 {[%clk 00:01:10]} {[%emt 00:00:26]} Nf5
{[%clk 00:02:55]} {[%emt 00:00:09]} 74. Ne4 {[%clk 00:01:16]} {[%emt 00:00:23]}
Kh7 {[%clk 00:01:54]} {[%emt 00:01:32]} 75. Kg4 {[%clk 00:00:49]} {[%emt
00:00:57]} Ne3+ {[%clk 00:02:21]} {[%emt 00:00:02]} 76. Kh5 {[%clk 00:01:13]}
{[%emt 00:00:05]} Nf5 {[%clk 00:02:47]} {[%emt 00:00:04]} 77. Nf3 {[%clk
00:01:11]} {[%emt 00:00:25]} Nxg3+ {[%clk 00:02:53]} {[%emt 00:00:32]} 78. Nxg3
{[%clk 00:01:40]} Nf4+ {[%clk 00:03:17]} {[%emt 00:00:05]} 79. Kg4 {[%clk
00:02:05]} {[%emt 00:00:04]} Nxh3 {[%clk 00:03:45]} {[%emt 00:00:04]} 80. Kxh3
{[%clk 00:01:40]} {[%emt 00:00:54]} g4+ {[%clk 00:04:14]} 1/2-1/2

[ePGN "0.1;DGT LiveChess/2.2.5"]

[Event "Zukertort - Zuid-Limburg"]
[Site ""]
[Date "2023.04.22"]
[Round "1.1"]
[White "Baltic, Fatih"]
[Black "Peelen, Piet"]
[Result "1/2-1/2"]
[WhiteElo "2267"]
[BlackElo "2342"]

1. e4 {[%clk 01:09:23]} {[%emt 00:21:28]} c6 {[%clk 01:30:56]} {[%emt
00:00:13]} 2. d4 {[%clk 01:09:47]} {[%emt 00:00:04]} d5 {[%clk 01:31:23]}
{[%emt 00:00:04]} 3. e5 {[%clk 01:10:12]} {[%emt 00:00:05]} Bf5 {[%clk
01:31:49]} {[%emt 00:00:05]} 4. h4 {[%clk 01:10:37]} {[%emt 00:00:05]} h5
{[%clk 01:32:10]} {[%emt 00:00:09]} 5. Bd3 {[%clk 01:11:01]} {[%emt 00:00:05]}
Bxd3 {[%clk 01:32:25]} {[%emt 00:00:16]} 6. Qxd3 {[%clk 01:11:26]} {[%emt
00:00:05]} Qa5+ {[%clk 01:32:25]} {[%emt 00:00:30]} 7. b4 {[%clk 01:11:46]}
{[%emt 00:00:09]} Qxb4+ {[%clk 01:32:44]} {[%emt 00:00:13]} 8. Nd2 {[%clk
01:11:37]} {[%emt 00:00:38]} e6 {[%clk 01:33:03]} {[%emt 00:00:11]} 9. Rb1
{[%clk 01:10:14]} {[%emt 00:01:53]} Qe7 {[%clk 01:33:30]} {[%emt 00:00:02]} 10.
c4 {[%clk 01:08:23]} {[%emt 00:02:21]} Qd7 {[%clk 01:25:27]} {[%emt 00:08:33]}
11. Ne2 {[%clk 01:03:21]} {[%emt 00:05:32]} Ne7 {[%clk 01:13:35]} {[%emt
00:12:23]} 12. Ba3 {[%clk 00:56:38]} {[%emt 00:07:13]} Nf5 {[%clk 01:00:45]}
{[%emt 00:13:20]} 13. Bxf8 {[%clk 00:54:01]} {[%emt 00:03:08]} Kxf8 {[%clk
01:00:48]} {[%emt 00:00:26]} 14. Ng3 {[%clk 00:44:06]} {[%emt 00:10:24]} g6
{[%clk 00:40:40]} {[%emt 00:20:38]} 15. Nxf5 {[%clk 00:43:52]} {[%emt
00:00:45]} exf5 {[%clk 00:35:49]} {[%emt 00:05:21]} 16. O-O {[%clk 00:43:00]}
{[%emt 00:01:21]} Kg7 {[%clk 00:31:30]} {[%emt 00:04:49]} 17. Rfe1 {[%clk
00:31:48]} {[%emt 00:11:42]} Re8 {[%clk 00:25:19]} {[%emt 00:06:41]} 18. Nf3
{[%clk 00:25:34]} {[%emt 00:06:45]} Na6 {[%clk 00:16:52]} {[%emt 00:08:57]} 19.
cxd5 {[%clk 00:21:10]} {[%emt 00:04:54]} Qxd5 {[%clk 00:15:13]} {[%emt
00:02:10]} 20. Rxb7 {[%clk 00:19:58]} {[%emt 00:01:41]} Nc5 {[%clk 00:14:09]}
{[%emt 00:01:33]} 21. Qb1 {[%clk 00:16:15]} {[%emt 00:04:13]} Nxb7 {[%emt
00:00:07]} 22. Qxb7 {[%clk 00:16:39]} {[%emt 00:00:04]} Qb5 {[%clk 00:09:16]}
{[%emt 00:05:48]} 23. Qd7 {[%clk 00:12:16]} {[%emt 00:04:53]} Qd5 {[%clk
00:04:19]} {[%emt 00:05:27]} 24. Qc7 {[%clk 00:11:20]} {[%emt 00:01:25]} Rac8
{[%clk 00:03:05]} {[%emt 00:01:45]} 25. Qxa7 {[%clk 00:11:40]} {[%emt
00:00:10]} Ra8 {[%clk 00:01:57]} {[%emt 00:01:38]} 26. Qb7 {[%clk 00:09:35]}
{[%emt 00:02:35]} Rab8 {[%clk 00:01:45]} {[%emt 00:00:43]} 27. Qc7 {[%clk
00:08:07]} {[%emt 00:01:58]} Rbc8 {[%clk 00:01:59]} {[%emt 00:00:15]} 28. Qb7
{[%clk 00:08:02]} {[%emt 00:00:34]} Rcd8 {[%clk 00:01:00]} {[%emt 00:01:30]} 29.
Rc1 {[%clk 00:07:11]} {[%emt 00:01:21]} Rd7 {[%clk 00:00:34]} {[%emt 00:00:56]}
30. Qxc6 {[%clk 00:06:19]} {[%emt 00:01:23]} Qxc6 {[%clk 00:00:40]} {[%emt
00:00:24]} 31. Rxc6 {[%clk 00:06:42]} {[%emt 00:00:06]} Re6 {[%clk 00:01:03]}
{[%emt 00:00:08]} 32. Rxe6 {[%clk 00:03:50]} {[%emt 00:03:21]} fxe6 {[%clk
00:01:32]} 33. Ng5 {[%clk 00:04:14]} {[%emt 00:00:06]} Kf8 {[%clk 00:00:43]}
{[%emt 00:01:19]} 34. Nxe6+ {[%clk 00:03:16]} {[%emt 00:01:29]} Ke7 {[%clk
00:01:12]} 35. Nf4 {[%clk 00:03:22]} {[%emt 00:00:24]} Rxd4 {[%clk 00:01:41]}
{[%emt 00:00:02]} 36. g3 {[%clk 00:03:42]} {[%emt 00:00:09]} Kf7 {[%clk
00:02:00]} {[%emt 00:00:11]} 37. Kg2 {[%clk 00:01:25]} {[%emt 00:02:46]} Re4
{[%clk 00:01:29]} {[%emt 00:01:02]} 38. e6+ {[%clk 00:01:03]} {[%emt 00:00:52]}
Kf6 {[%clk 00:00:58]} {[%emt 00:01:00]} 39. Kf3 {[%clk 00:00:47]} {[%emt
00:00:46]} Kg7 {[%clk 00:00:54]} {[%emt 00:00:34]} 40. Kg2 {[%clk 00:00:36]}
{[%emt 00:00:41]} Kf6 {[%clk 00:00:36]} {[%emt 00:00:49]} 41. Kf3 {[%clk
00:30:23]} {[%emt 00:00:42]} Kg7 {[%clk 00:19:35]} {[%emt 00:11:31]} 42. Kg2
{[%clk 00:30:34]} {[%emt 00:00:19]} Re1 {[%emt 00:04:31]} 43. a4 {[%clk
00:29:43]} Ra1 {[%clk 00:14:54]} {[%emt 00:02:31]} 44. a5 {[%clk 00:14:48]}
{[%emt 00:15:26]} Rxa5 {[%clk 00:14:23]} {[%emt 00:01:01]} 45. Kf3 {[%clk
00:15:13]} {[%emt 00:00:04]} Re5 {[%clk 00:12:53]} {[%emt 00:02:00]} 46. Kg2
{[%clk 00:15:34]} {[%emt 00:00:08]} Kf6 {[%clk 00:11:04]} {[%emt 00:02:19]} 47.
Kf3 {[%clk 00:15:09]} {[%emt 00:00:55]} Re4 {[%clk 00:10:50]} {[%emt 00:00:45]}
48. Kg2 {[%clk 00:15:29]} {[%emt 00:00:10]} Rxf4 {[%clk 00:03:31]} {[%emt
00:07:50]} 49. gxf4 {[%clk 00:15:50]} {[%emt 00:00:08]} Kxe6 {[%clk 00:03:56]}
{[%emt 00:00:05]} 50. Kf3 {[%clk 00:15:57]} {[%emt 00:00:23]} Kd5 {[%clk
00:04:20]} {[%emt 00:00:07]} 51. Ke3 {[%clk 00:16:20]} {[%emt 00:00:06]} Kc4
{[%clk 00:04:45]} {[%emt 00:00:05]} 52. Kd2 {[%clk 00:16:33]} {[%emt 00:00:17]}
Kd4 {[%clk 00:04:57]} {[%emt 00:00:19]} 53. f3 {[%clk 00:16:57]} {[%emt
00:00:05]} Kc4 {[%clk 00:05:09]} {[%emt 00:00:18]} 54. Kc2 {[%clk 00:17:23]}
{[%emt 00:00:04]} Kd4 {[%clk 00:05:31]} {[%emt 00:00:08]} 55. Kd2 {[%clk
00:17:50]} {[%emt 00:00:04]} Kc4 {[%clk 00:05:53]} {[%emt 00:00:07]} 1/2-1/2